[Event "2.BLO 0607 Sf Schöneck - Lok Leipzig Mi"]
[Site "?"]
[Date "2006.10.29"]
[Round "2.1"]
[White "Wernert, Wilfrid"]
[Black "Oral, Tomas"]
[Result "1/2-1/2"]
[WhiteElo "2353"]
[BlackElo "2508"]
[PlyCount "55"]
[EventDate "2006.??.??"]

1. e4 c5 2. c3 d5 3. exd5 Qxd5 4. d4 g6 5. Nf3 Bg7 6. Qb3 Qxb3 7. axb3 cxd4 8.
Nxd4 Bxd4 9. cxd4 Nc6 10. Bb5 Bd7 11. O-O Nf6 12. Rd1 Nb4 13. Nc3 Nfd5 14. Bc4
Bc6 15. Ra5 e6 16. Bg5 b6 17. Raa1 h6 18. Nxd5 Bxd5 19. Bf6 Rg8 20. Bb5+ Nc6
21. Ba6 Kd7 22. Bb7 Rab8 23. Bxc6+ Bxc6 24. Rxa7+ Rb7 25. Rda1 Bd5 26. Rxb7+
Bxb7 27. Rc1 Rc8 28. Rxc8 1/2-1/2

[Event "2.BLO 0607 Sf Schöneck - Lok Leipzig Mi"]
[Site "?"]
[Date "2006.10.29"]
[Round "2.2"]
[White "Konopka, Mihal"]
[Black "Spiess, Gunter"]
[Result "1/2-1/2"]
[WhiteElo "2426"]
[BlackElo "2403"]
[PlyCount "64"]
[EventDate "2006.??.??"]

1. d4 Nf6 2. g3 d5 3. Bg2 c6 4. Nf3 Bf5 5. O-O Nbd7 6. Nh4 Be4 7. f3 Bg6 8. c3
e5 9. e3 Qb6 10. f4 exf4 11. exf4 O-O-O 12. Nd2 Re8 13. Ndf3 Bd6 14. Qb3 Bd3
15. Re1 Rxe1+ 16. Nxe1 Be4 17. Nef3 Rf8 18. Ne5 Bxg2 19. Kxg2 Ne4 20. Qxb6 axb6
21. Be3 f6 22. Nd3 Re8 23. Re1 Kd8 24. Bc1 g6 25. g4 Re7 26. Nf3 b5 27. f5 g5
28. h4 h6 29. Rh1 Ng3 30. Re1 Ne4 31. Rh1 Ng3 32. Re1 Ne4 1/2-1/2

[Event "2.BLO 0607 Sf Schöneck - Lok Leipzig Mi"]
[Site "?"]
[Date "2006.10.29"]
[Round "2.3"]
[White "Schubert, Thomas"]
[Black "Petr, Martin"]
[Result "1-0"]
[WhiteElo "2366"]
[BlackElo "2417"]
[PlyCount "79"]
[EventDate "2006.??.??"]

1. d4 d5 2. Nf3 Nf6 3. c4 e6 4. Nc3 c6 5. e3 Nbd7 6. Bd3 dxc4 7. Bxc4 b5 8. Bd3
Bd6 9. Qc2 Bb7 10. a3 O-O 11. Ng5 h6 12. Nge4 Be7 13. b4 a5 14. Rb1 axb4 15.
axb4 e5 16. Nc5 exd4 17. Nxb7 Qb6 18. exd4 Qxb7 19. O-O Nb6 20. Ne4 Nxe4 21.
Bxe4 Nd5 22. Bd2 Qb6 23. Qd3 Bf6 24. Rfd1 Rfe8 25. Be1 Rad8 26. Rbc1 Nxb4 27.
Bxb4 Rxd4 28. Bh7+ Kh8 29. Qb1 Re2 30. Be1 Rf4 31. Rc2 Rfxf2 32. Rxe2 Rxe2+ 33.
Kh1 Qe3 34. Bd3 Bd4 35. Bc3 Rxg2 36. Bxd4 Qh3 37. Bg1 Rg6 38. Be4 f5 39. Qd3
Qh5 40. Qf3 1-0

[Event "2.BLO 0607 Sf Schöneck - Lok Leipzig Mi"]
[Site "?"]
[Date "2006.10.29"]
[Round "2.4"]
[White "Alber, Horst"]
[Black "Boehnisch, Manfred"]
[Result "0-1"]
[WhiteElo "2400"]
[BlackElo "2378"]
[PlyCount "58"]
[EventDate "2006.??.??"]

1. d4 d5 2. c4 e6 3. Nc3 Nf6 4. Bg5 Be7 5. e3 Nbd7 6. Qc2 h6 7. Bh4 dxc4 8.
Bxc4 b6 9. Nge2 Bb7 10. e4 c5 11. dxc5 Bxc5 12. Rd1 Qc8 13. Bxf6 Nxf6 14. Bb5+
Ke7 15. Ng3 Qc7 16. O-O Rhd8 17. Qe2 a6 18. Bd3 Bd4 19. Kh1 Qf4 20. f3 Be5 21.
Qf2 Bc7 22. Nce2 Qe5 23. b3 Qb2 24. Bb1 h5 25. Qe3 h4 26. Rc1 Rac8 27. Rc2 Qa1
28. Rxc7+ Rxc7 29. Qf4 Rcd7 0-1

[Event "2.BLO 0607 Sf Schöneck - Lok Leipzig Mi"]
[Site "?"]
[Date "2006.10.29"]
[Round "2.5"]
[White "Stettler, Michael"]
[Black "Telljohann, Sven"]
[Result "0-1"]
[WhiteElo "2276"]
[BlackElo "2419"]
[PlyCount "130"]
[EventDate "2006.??.??"]

1. d4 g6 2. c4 Bg7 3. Nc3 c5 4. d5 Bxc3+ 5. bxc3 e5 6. d6 Qa5 7. Qd3 f5 8. g4
Nf6 9. gxf5 gxf5 10. Bd2 Ne4 11. Bh3 Qa6 12. Bxf5 Nxd6 13. Qd5 Nf7 14. Qxc5 b6
15. Qe3 Qxc4 16. Nf3 Nc6 17. Bc2 Qe6 18. Ng5 Nxg5 19. Qxg5 Bb7 20. Rg1 Ne7 21.
Qh5+ Kd8 22. Rg5 d6 23. Rg7 Rg8 24. Qxh7 Rxg7 25. Qxg7 Kd7 26. Ba4+ Bc6 27.
Bxc6+ Kxc6 28. Qg2+ e4 29. O-O-O Rg8 30. Qh1 Qc4 31. e3 Nd5 32. Kb2 Qb5+ 33.
Ka1 Qc4 34. Kb2 Qb5+ 35. Ka1 Qc4 36. Kb2 b5 37. Be1 a5 38. Rd4 Qe2+ 39. Rd2 Qc4
40. Rd4 Qe2+ 41. Rd2 Qg4 42. Rd4 Re8 43. h3 Qe2+ 44. Rd2 Qh5 45. Rd4 Nb6 46.
Qf1 d5 47. Ka1 Qf3 48. Qg1 Qxh3 49. Qg7 Qe6 50. Rd1 Qe5 51. Qa7 Ra8 52. Qf7 Nc4
53. Qg6+ Qd6 54. Qf7 Rf8 55. Qg7 Re8 56. Qf7 Rd8 57. Qa7 Qc7 58. Qd4 Qf7 59.
Bd2 Qxf2 60. Bc1 Qg3 61. Rf1 Qe5 62. Rf6+ Rd6 63. Rxd6+ Kxd6 64. Ba3+ Ke6 65.
Bc5 Qh2 0-1

[Event "2.BLO 0607 Sf Schöneck - Lok Leipzig Mi"]
[Site "?"]
[Date "2006.10.29"]
[Round "2.6"]
[White "Ortmann, David"]
[Black "Schultz, Andreas"]
[Result "1-0"]
[WhiteElo "2306"]
[BlackElo "2260"]
[PlyCount "83"]
[EventDate "2006.??.??"]

1. Nf3 Nf6 2. c4 g6 3. Nc3 Bg7 4. e4 d6 5. d4 O-O 6. Be2 e5 7. O-O Na6 8. Be3
Ng4 9. Bg5 Qe8 10. dxe5 dxe5 11. h3 f6 12. Bd2 Nh6 13. c5 Nxc5 14. Qc1 Nf7 15.
Nd5 Ne6 16. Nxc7 Nxc7 17. Qxc7 Nd8 18. Rfc1 Be6 19. b4 Rf7 20. Qc3 Rc8 21. Qb2
Rfc7 22. Rxc7 Rxc7 23. Be3 b6 24. a4 Nf7 25. a5 b5 26. Rc1 Rxc1+ 27. Qxc1 a6
28. Qc7 Qc8 29. Qb6 Bd7 30. Bd1 Be6 31. Nd2 Bf8 32. Bb3 Nd8 33. Bc5 Bxc5 34.
bxc5 Bxb3 35. Nxb3 Nc6 36. Nd2 Kg7 37. Nf1 Nb4 38. Ne3 Qc6 39. Nd5 Qxb6 40.
axb6 Nc6 41. b7 Kf7 42. Nb4 1-0

[Event "2.BLO 0607 Sf Schöneck - Lok Leipzig Mi"]
[Site "?"]
[Date "2006.10.29"]
[Round "2.7"]
[White "Gempe, Thomas"]
[Black "Schaack, Harry"]
[Result "1-0"]
[WhiteElo "2272"]
[BlackElo "2279"]
[PlyCount "81"]
[EventDate "2006.??.??"]

1. e4 c6 2. d4 d5 3. exd5 cxd5 4. Bd3 Nc6 5. c3 Nf6 6. Bf4 g6 7. Nd2 Bg7 8.
Ngf3 Bf5 9. Bxf5 gxf5 10. Qb3 Qd7 11. Ne5 Nxe5 12. Bxe5 O-O 13. O-O Kh8 14.
Rfe1 Rg8 15. a4 Rac8 16. Bxf6 Bxf6 17. Nf3 f4 18. Kh1 Rxg2 19. Kxg2 Qg4+ 20.
Kf1 Qxf3 21. Qd1 Qh3+ 22. Ke2 f3+ 23. Kd2 Qf5 24. Qc2 Qf4+ 25. Kd1 Rg8 26. Qd2
Qf5 27. Qc2 Qh5 28. Qd3 Rg2 29. Rf1 Rxh2 30. b4 Qg4 31. Kc2 h5 32. Kb3 a6 33.
Rae1 e6 34. Re3 Rh3 35. a5 Bg5 36. Ree1 Rh2 37. b5 axb5 38. Qxb5 Qh4 39. Qxb7
Rxf2 40. Qxf7 Qh2 41. Rxf2 1-0

[Event "2.BLO 0607 Sf Schöneck - Lok Leipzig Mi"]
[Site "?"]
[Date "2006.10.29"]
[Round "2.8"]
[White "Timpel, Klaus"]
[Black "Mueller, Frank"]
[Result "1-0"]
[WhiteElo "2248"]
[BlackElo "2242"]
[PlyCount "65"]
[EventDate "2006.??.??"]

1. e4 c5 2. Nf3 Nc6 3. d3 e6 4. g3 d5 5. Nbd2 Nf6 6. Bg2 g6 7. O-O Bg7 8. Re1
O-O 9. c3 b6 10. a3 Bb7 11. e5 Nd7 12. d4 cxd4 13. cxd4 f6 14. exf6 Qxf6 15.
Nb3 e5 16. dxe5 Ndxe5 17. Bf4 Nxf3+ 18. Bxf3 g5 19. Re6 Qf5 20. Bg4 Qf7 21. Re2
Rae8 22. Rxe8 Qxe8 23. Qxd5+ Kh8 24. Qxg5 Nd4 25. Nxd4 Bxd4 26. Be3 Qe4 27. Bf3
Bxe3 28. Bxe4 Bxf2+ 29. Kg2 Bxe4+ 30. Kh3 Bd4 31. Rd1 Bf6 32. Qf4 Bc2 33. Rd8
1-0

[Event "2.BLO 0607 USV TU Dresden - Erfurter SK"]
[Site "?"]
[Date "2006.10.29"]
[Round "2.1"]
[White "Votava, Jan"]
[Black "Uhlmann, Wolfgang"]
[Result "1-0"]
[WhiteElo "2531"]
[BlackElo "2422"]
[PlyCount "39"]
[EventDate "2006.??.??"]

1. d4 Nf6 2. c4 g6 3. Nc3 Bg7 4. Nf3 O-O 5. g3 c5 6. Bg2 cxd4 7. Nxd4 Nc6 8.
Nc2 d6 9. O-O Bd7 10. b3 a6 11. Bb2 Rb8 12. Nd5 Nxd5 13. Bxg7 Ne3 14. Nxe3 Kxg7
15. Rc1 Qa5 16. c5 Be6 17. cxd6 Rfd8 18. Bxc6 Rxd6 19. Bd5 Bxd5 20. Qd4+ 1-0

[Event "2.BLO 0607 USV TU Dresden - Erfurter SK"]
[Site "?"]
[Date "2006.10.29"]
[Round "2.2"]
[White "Gauglitz, Gernot"]
[Black "Haba, Petr"]
[Result "0-1"]
[WhiteElo "2395"]
[BlackElo "2526"]
[PlyCount "82"]
[EventDate "2006.??.??"]

1. d4 d5 2. c4 e6 3. Nc3 c6 4. e4 dxe4 5. Nxe4 Bb4+ 6. Bd2 Qxd4 7. Bxb4 Qxe4+
8. Be2 Na6 9. Bd6 b6 10. Qd2 Bb7 11. Nf3 c5 12. Rd1 O-O-O 13. O-O Nh6 14. Bd3
Qc6 15. Be5 f6 16. Bc3 Nf5 17. Rfe1 Nd4 18. Bxd4 Rxd4 19. Qe2 Nc7 20. Qf1 Rdd8
21. b3 Qe8 22. Qe2 Qh5 23. Be4 Qg4 24. Bxb7+ Kxb7 25. h3 Qf4 26. Rd3 e5 27. Nd2
Ne6 28. Rd5 Nd4 29. Qd3 Rxd5 30. cxd5 Rd8 31. Re4 Qf5 32. Nc4 Rxd5 33. Kf1 Qd7
34. Rh4 Nf5 35. Qe4 Nxh4 36. Ne3 Kc6 37. Qa4+ Kb7 38. Qe4 Kc6 39. Qa4+ Kd6 40.
Qxh4 Rd4 41. Qxh7 Kc7 0-1

[Event "2.BLO 0607 USV TU Dresden - Erfurter SK"]
[Site "?"]
[Date "2006.10.29"]
[Round "2.3"]
[White "Kuczynski, Robert"]
[Black "Seifert, Volker"]
[Result "1/2-1/2"]
[WhiteElo "2488"]
[BlackElo "2330"]
[PlyCount "89"]
[EventDate "2006.??.??"]

1. e4 e6 2. d4 d5 3. Nc3 Bb4 4. e5 Ne7 5. a3 Bxc3+ 6. bxc3 c5 7. h4 Qc7 8. Nf3
b6 9. Bb5+ Bd7 10. Bd3 Ba4 11. O-O Nd7 12. h5 h6 13. Re1 O-O-O 14. Rb1 Kb8 15.
g3 Ka8 16. Rb2 Nc6 17. Qd2 Rdf8 18. Qf4 g5 19. Qe3 f5 20. exf6 Rxf6 21. Nh2 e5
22. dxc5 Nxc5 23. Bg6 Rhf8 24. Rf1 e4 25. Qe2 Ne5 26. Be3 Nc4 27. Ra2 Nxe3 28.
Qxe3 Bb5 29. Re1 Na4 30. Raa1 Nxc3 31. a4 Ba6 32. Ra3 Ne2+ 33. Rxe2 Bxe2 34.
Qxe2 Rxf2 35. Qb5 Rd2 36. c4 Rff2 37. Nf1 Rg2+ 38. Kh1 Qc8 39. Qe8 Qxe8 40.
Bxe8 Rb2 41. Bc6+ Kb8 42. Bxd5 Rgf2 43. Kg1 Rg2+ 44. Kh1 Rgf2 45. Kg1 1/2-1/2

[Event "2.BLO 0607 USV TU Dresden - Erfurter SK"]
[Site "?"]
[Date "2006.10.29"]
[Round "2.4"]
[White "Hoffmann, Paul"]
[Black "Machelett, Heiko"]
[Result "0-1"]
[WhiteElo "2288"]
[BlackElo "2424"]
[PlyCount "90"]
[EventDate "2006.??.??"]

1. e4 e6 2. d4 d5 3. Nd2 Nf6 4. e5 Nfd7 5. Bd3 c5 6. c3 Nc6 7. Ne2 cxd4 8. cxd4
f6 9. exf6 Qxf6 10. Nf3 h6 11. a3 Bd6 12. Bc2 O-O 13. O-O Rd8 14. Qd3 Nf8 15.
Nc3 Bd7 16. b4 Be8 17. Ba4 Bh5 18. Bxc6 bxc6 19. Ne2 Ng6 20. Nd2 Bxe2 21. Qxe2
Nf4 22. Qe3 Qxd4 23. Nb3 Qf6 24. Ra2 e5 25. Qc3 Rac8 26. Bxf4 Qxf4 27. g3 Qf7
28. Rc2 Rc7 29. Rfc1 Rdc8 30. Qd3 Be7 31. Qa6 Bg5 32. Re1 Qf5 33. Rc5 Qf3 34.
Nc1 e4 35. Qe2 Qxa3 36. Na2 Bf6 37. Ra5 Qb3 38. Qg4 Re8 39. Qg6 Rce7 40. Ra6 e3
41. fxe3 Rxe3 42. Rf1 Re1 43. Kg2 R8e2+ 44. Kh3 Rxf1 45. Rxa7 Rxh2+ 0-1

[Event "2.BLO 0607 USV TU Dresden - Erfurter SK"]
[Site "?"]
[Date "2006.10.29"]
[Round "2.5"]
[White "Enders, Peter"]
[Black "Eichner, Sebastian"]
[Result "1-0"]
[WhiteElo "2434"]
[BlackElo "2269"]
[PlyCount "75"]
[EventDate "2006.??.??"]

1. e4 e6 2. d4 d5 3. Nc3 dxe4 4. Nxe4 Nd7 5. Nf3 Ngf6 6. Nxf6+ Nxf6 7. Ne5 c5
8. Bb5+ Bd7 9. Nxd7 Qa5+ 10. Bd2 Qxb5 11. Nxf8 O-O-O 12. Qe2 Qxe2+ 13. Kxe2 Ne4
14. Nxe6 fxe6 15. Bf4 Rhf8 16. Be5 Rxf2+ 17. Ke3 cxd4+ 18. Bxd4 Rxg2 19. Rag1
Rxg1 20. Rxg1 Nd6 21. Bxa7 g6 22. Rg4 Kc7 23. Rb4 Kc6 24. Bd4 Nf5+ 25. Ke4
Rxd4+ 26. Rxd4 Nxd4 27. Kxd4 Kd6 28. c4 e5+ 29. Ke4 Ke6 30. c5 g5 31. a4 g4 32.
a5 h5 33. c6 Kd6 34. cxb7 Kc7 35. Kxe5 h4 36. Kf4 g3 37. hxg3 h3 38. Kf3 1-0

[Event "2.BLO 0607 USV TU Dresden - Erfurter SK"]
[Site "?"]
[Date "2006.10.29"]
[Round "2.6"]
[White "Loxine, Jakow"]
[Black "Casper, Thomas"]
[Result "0-1"]
[WhiteElo "2301"]
[BlackElo "2416"]
[PlyCount "84"]
[EventDate "2006.??.??"]

1. d4 Nf6 2. c4 d6 3. Nf3 Nbd7 4. Nc3 e5 5. e4 g6 6. Be2 Bg7 7. Be3 O-O 8. d5
Ng4 9. Bg5 f6 10. Bd2 Nh6 11. Qc1 Nf7 12. g4 Nc5 13. Rg1 a5 14. h4 c6 15. h5
cxd5 16. cxd5 Bd7 17. Nh4 Ng5 18. hxg6 hxg6 19. Nxg6 Nf3+ 20. Kf1 Nxg1 21. Kxg1
Rf7 22. Qf1 Bh8 23. Qh3 Rh7 24. Qg3 Bg7 25. Kg2 Bh6 26. Bxh6 Rxh6 27. Nh4 Kf7
28. Bb5 Qh8 29. Bxd7 Rxh4 30. Bf5 Qh6 31. Ne2 Rh8 32. g5 fxg5 33. Rc1 Rh1 34.
Rxc5 Qh2+ 35. Kf3 Qxg3+ 36. Nxg3 dxc5 37. Be6+ Kf6 38. Nf5 Rd1 39. Ke2 Rb1 40.
Ne3 Rh4 41. Bf5 Rxb2+ 42. Kd3 Rb4 0-1

[Event "2.BLO 0607 USV TU Dresden - Erfurter SK"]
[Site "?"]
[Date "2006.10.29"]
[Round "2.7"]
[White "Mueller, Matthias"]
[Black "Baier, Silvio"]
[Result "1-0"]
[WhiteElo "2401"]
[BlackElo "2252"]
[PlyCount "119"]
[EventDate "2006.??.??"]

1. e4 e5 2. Nf3 Nc6 3. d4 exd4 4. Nxd4 Bb4+ 5. c3 Bc5 6. Nxc6 bxc6 7. Bd3 Ne7
8. O-O O-O 9. Nd2 d5 10. Nb3 Bb6 11. Be3 f5 12. exd5 Bxe3 13. fxe3 cxd5 14. Nc5
Qd6 15. b4 Qe5 16. Qd2 Rf6 17. Rae1 Be6 18. Bc2 Raf8 19. Qd4 Qxd4 20. exd4 Kf7
21. Rf2 Bc8 22. Rfe2 Ng6 23. Bb3 Rd8 24. Ba4 c6 25. b5 cxb5 26. Bxb5 Rb6 27. a4
a6 28. Be8+ Kf8 29. Bxg6 hxg6 30. Re7 Rb1 31. Rxb1 Kxe7 32. Rb6 Rd6 33. a5 Rf6
34. h4 Kd8 35. Kf2 Kc7 36. Rb2 f4 37. Kf3 g5 38. hxg5 Rf5 39. Nd3 Rxg5 40. Nxf4
Rf5 41. Ke3 Rg5 42. Rb6 Rg3+ 43. Kf2 Rg5 44. g3 Rf5 45. Rg6 Rf7 46. Ke3 Re7+
47. Kd2 Bb7 48. Ne6+ Kc6 49. Nc5+ Kc7 50. Nxa6+ Bxa6 51. Rxa6 Re4 52. Ra7+ Kc6
53. Rxg7 Kb5 54. Kd3 Kxa5 55. Rg5 Kb6 56. Rxd5 Rg4 57. Kc4 Rxg3 58. Rd6+ Kb7
59. Rh6 Rf3 60. d5 1-0

[Event "2.BLO 0607 USV TU Dresden - Erfurter SK"]
[Site "?"]
[Date "2006.10.29"]
[Round "2.8"]
[White "Graf, Felix"]
[Black "Troyke, Christian"]
[Result "0-1"]
[WhiteElo "2207"]
[BlackElo "2390"]
[PlyCount "81"]
[EventDate "2006.??.??"]

1. d4 Nf6 2. c4 g6 3. Nc3 Bg7 4. e4 d6 5. f3 O-O 6. Be3 c5 7. Nge2 Nc6 8. d5
Ne5 9. Ng3 e6 10. Be2 exd5 11. cxd5 a6 12. a4 h5 13. O-O Nh7 14. Qd2 h4 15. Nh1
f5 16. f4 Nf7 17. Nf2 fxe4 18. Ncxe4 Nh6 19. Ra3 Nf5 20. b4 b6 21. Nd1 Qe7 22.
Bd3 Bb7 23. Bb1 Nxe3 24. Nxe3 Bd4 25. Kh1 h3 26. bxc5 bxc5 27. Rf3 Rab8 28. Bc2
Bc8 29. gxh3 Rb4 30. Nf2 Bf5 31. Nxf5 gxf5 32. Rg3+ Kh8 33. Rg6 Rf6 34. Rag3
Rxg6 35. Rxg6 Nf8 36. Rg5 Rb2 37. Nd3 Qe4+ 38. Rg2 Ra2 39. h4 Ra1+ 40. Bd1 Ng6
41. Qe1 0-1

[Event "2.BLO 0607 Leipzig Gohlis - SV Würzburg"]
[Site "?"]
[Date "2006.10.29"]
[Round "2.1"]
[White "Vavra, Pavel"]
[Black "Roos, Michael"]
[Result "0-1"]
[WhiteElo "2295"]
[BlackElo "2349"]
[PlyCount "78"]
[EventDate "2006.??.??"]

1. e4 d6 2. d4 Nf6 3. Nc3 e5 4. f3 exd4 5. Qxd4 Nc6 6. Bb5 Be7 7. Bg5 O-O 8.
Qd2 h6 9. Be3 Ne5 10. O-O-O c6 11. Be2 b5 12. Nh3 b4 13. Na4 Qa5 14. b3 c5 15.
Bxh6 gxh6 16. Qxh6 c4 17. Qg5+ Kh8 18. Qh4+ Kg7 19. Qg5+ Kh8 20. f4 cxb3 21.
axb3 Rg8 22. Qh4+ Kg7 23. fxe5 Qxe5 24. Qg5+ Kf8 25. Qxe5 dxe5 26. Bf3 Bxh3 27.
gxh3 Rh8 28. Bg4 Rh4 29. Bf5 Nxe4 30. Rde1 Bg5+ 31. Kb1 Nd2+ 32. Ka2 f6 33. Nc5
Kf7 34. Ne6 Bh6 35. Rd1 Re8 36. Nc5 e4 37. Rhg1 Re5 38. Bg6+ Ke7 39. Na4 e3 0-1

[Event "2.BLO 0607 Leipzig Gohlis - SV Würzburg"]
[Site "?"]
[Date "2006.10.29"]
[Round "2.2"]
[White "Voigt, Roland"]
[Black "Siepelt, Heiner"]
[Result "1-0"]
[WhiteElo "2360"]
[BlackElo "2334"]
[PlyCount "81"]
[EventDate "2006.??.??"]

1. c4 g6 2. Nf3 Bg7 3. d3 c5 4. g3 Nc6 5. Bg2 e6 6. O-O Nge7 7. Nc3 O-O 8. Bf4
d6 9. Rb1 Rb8 10. Qc1 a6 11. Bh6 b5 12. Bxg7 Kxg7 13. cxb5 axb5 14. Rd1 b4 15.
Na4 e5 16. e3 Bd7 17. b3 Nf5 18. Qb2 Qf6 19. Rbc1 Rfc8 20. Nd2 h5 21. Nc4 Nce7
22. Nab6 Rd8 23. Nxd7 Rxd7 24. a4 bxa3 25. Qxa3 Rb4 26. Nd2 Nc8 27. Rc4 Ra7 28.
Qb2 Rb5 29. Ra1 Rxa1+ 30. Qxa1 Nb6 31. Rc2 Rb4 32. Qa6 Qd8 33. Ra2 Qd7 34. Ra3
Qb5 35. Qxb5 Rxb5 36. Ne4 d5 37. Nc3 Rb4 38. Nxd5 Nxd5 39. Bxd5 Rb8 40. Ra7 Nh6
41. h4 1-0

[Event "2.BLO 0607 Leipzig Gohlis - SV Würzburg"]
[Site "?"]
[Date "2006.10.29"]
[Round "2.3"]
[White "Seuffert, Gabriel"]
[Black "Schoeneberg, Manfred"]
[Result "1-0"]
[WhiteElo "2352"]
[BlackElo "2301"]
[PlyCount "143"]
[EventDate "2006.??.??"]

1. c4 Nf6 2. g3 g6 3. Bg2 Bg7 4. Nc3 d6 5. d4 O-O 6. Nf3 Nbd7 7. O-O e5 8. e4
Re8 9. d5 Nc5 10. Qc2 a5 11. h3 Bd7 12. Be3 b6 13. b3 Nh5 14. a3 a4 15. b4 Nb3
16. Rad1 f5 17. exf5 gxf5 18. Ng5 Nd4 19. Qb1 Rc8 20. Nf3 Nxf3+ 21. Bxf3 Nf6
22. Bg5 Qe7 23. Bh5 Rf8 24. Rde1 Be8 25. Bd1 Bg6 26. Qc1 Qf7 27. Bxa4 Bh5 28.
Bc2 e4 29. Ne2 Bxe2 30. Rxe2 Qh5 31. f3 exf3 32. Rh2 Ne4 33. Bf4 Be5 34. Bd1
f2+ 35. Rfxf2 Qg6 36. Rf3 Rce8 37. Rg2 Kh8 38. Bc2 Rg8 39. Kh2 Qh5 40. Bxe5+
Rxe5 41. Bxe4 fxe4 42. Rf4 e3 43. Rh4 Qf5 44. Qc3 Rg7 45. Rf4 Qg6 46. Rf8+ Rg8
47. Rf3 Qe4 48. Rf4 Qg6 49. Rf1 Rge8 50. Re2 Kg8 51. Rf3 Qb1 52. Qd4 Re4 53.
Qf6 Qd3 54. Qg5+ Kh8 55. Ref2 exf2 56. Qf5 Kg8 57. Qf7+ Kh8 58. Rxd3 Re2 59.
Kg2 f1=Q+ 60. Kxf1 Re1+ 61. Kg2 R8e2+ 62. Kf3 Rf1+ 63. Kxe2 Rxf7 64. a4 Rf8 65.
a5 bxa5 66. bxa5 Ra8 67. Ra3 Kg7 68. Ke3 Kf6 69. Kf4 Kg6 70. g4 Kf6 71. h4 h6
72. g5+ 1-0

[Event "2.BLO 0607 Leipzig Gohlis - SV Würzburg"]
[Site "?"]
[Date "2006.10.29"]
[Round "2.4"]
[White "Zesch, Ludwig"]
[Black "Zentgraf, Alexander"]
[Result "1/2-1/2"]
[WhiteElo "2287"]
[BlackElo "2179"]
[PlyCount "68"]
[EventDate "2006.??.??"]

1. e4 e5 2. Nf3 Nc6 3. Bb5 a6 4. Ba4 Nf6 5. Qe2 Qe7 6. c3 g6 7. O-O Bg7 8. Re1
d6 9. h3 O-O 10. d4 Bd7 11. Bc2 h6 12. Nbd2 Nh5 13. dxe5 Nf4 14. Qf1 dxe5 15.
Nc4 Qf6 16. Bxf4 exf4 17. Qe2 Be6 18. Bb3 g5 19. Bc2 Qg6 20. Rad1 Rad8 21. Rd5
Ne7 22. Nce5 Qf6 23. Rxd8 Rxd8 24. Rd1 Nc8 25. Ng4 Qe7 26. Rxd8+ Qxd8 27. e5 h5
28. Nf6+ Bxf6 29. exf6 Qxf6 30. Nd4 g4 31. Nxe6 Qxe6 32. Qd3 Qe1+ 33. Kh2 Qxf2
34. Qd8+ Kg7 1/2-1/2

[Event "2.BLO 0607 Leipzig Gohlis - SV Würzburg"]
[Site "?"]
[Date "2006.10.29"]
[Round "2.5"]
[White "Rupp, Markus"]
[Black "Quast, Michael"]
[Result "0-1"]
[WhiteElo "2241"]
[BlackElo "2285"]
[PlyCount "74"]
[EventDate "2006.??.??"]

1. d4 Nf6 2. c4 g6 3. Nc3 Bg7 4. e4 d6 5. f3 O-O 6. Be3 e5 7. d5 c6 8. Bd3 cxd5
9. cxd5 Nh5 10. Nge2 f5 11. exf5 gxf5 12. O-O Na6 13. Rc1 Kh8 14. a3 Nc5 15.
Bb1 Bd7 16. b4 Na6 17. Qd2 Qe8 18. Kh1 Nf6 19. Bg5 Rc8 20. Qe3 b6 21. g4 Nc7
22. gxf5 Ncxd5 23. Nxd5 Rxc1 24. Rxc1 Nxd5 25. Qd2 Ne7 26. Rc7 Nxf5 27. Qd3 Bb5
28. Qe4 Bxe2 29. Qxe2 Nd4 30. Qg2 Qh5 31. Be4 Ne6 32. Rxg7 Nxg7 33. Be7 Rc8 34.
h3 Qh6 35. Qg4 Rc1+ 36. Kg2 Qd2+ 37. Kg3 Rg1+ 0-1

[Event "2.BLO 0607 Leipzig Gohlis - SV Würzburg"]
[Site "?"]
[Date "2006.10.29"]
[Round "2.6"]
[White "Fischer, Johannes"]
[Black "Graef, Harald"]
[Result "0-1"]
[WhiteElo "2268"]
[BlackElo "2182"]
[PlyCount "68"]
[EventDate "2006.??.??"]

1. e4 e5 2. d4 exd4 3. Qxd4 Nc6 4. Qd3 Nf6 5. Bg5 Be7 6. Nc3 O-O 7. Be2 d5 8.
Bxf6 Bxf6 9. Nxd5 Bxb2 10. Rb1 Be5 11. f4 Bd4 12. Nf3 Bb6 13. e5 Qd7 14. Ng5
Qf5 15. Qg3 Qg6 16. h4 h5 17. Ne4 Bf5 18. Qxg6 Bxg6 19. Ng3 Bxc2 20. Rc1 Bh7
21. Bf3 Rfd8 22. Rxc6 bxc6 23. Ne7+ Kf8 24. Nxc6 Rd3 25. Rh3 Re8 26. f5 Ra3 27.
Bd5 Rd3 28. Bf3 Rc3 29. Kd2 Rc4 30. Kd3 Rf4 31. Bxh5 Rxf5 32. Kc4 Rf4+ 33. Kd5
Ra4 34. Nf1 Be4# 0-1

[Event "2.BLO 0607 Leipzig Gohlis - SV Würzburg"]
[Site "?"]
[Date "2006.10.29"]
[Round "2.7"]
[White "Zehnter, Sebastian"]
[Black "Hoffmann, Hendrik"]
[Result "0-1"]
[WhiteElo "2108"]
[BlackElo "2329"]
[PlyCount "186"]
[EventDate "2006.??.??"]

1. b3 c5 2. Bb2 Nc6 3. e3 e5 4. c4 d6 5. Nc3 g6 6. g3 Bg7 7. Bg2 Nge7 8. Nge2
Be6 9. O-O Qd7 10. Re1 Bh3 11. Bh1 h5 12. d4 h4 13. dxc5 hxg3 14. Nxg3 dxc5 15.
Qxd7+ Bxd7 16. Nce4 b6 17. Nd6+ Kf8 18. Nb5 a6 19. Nc3 Bg4 20. Na4 Rb8 21. Be4
f5 22. f3 Bh3 23. Bc2 Nb4 24. Bb1 Rd8 25. a3 Nbc6 26. Bc3 e4 27. fxe4 Bxc3 28.
Nxc3 Ne5 29. Kf2 Bg4 30. Nf1 {(=)} 30... Nf3 31. Rd1 Rxd1 32. Nxd1 Nxh2 33. Nc3
Nxf1 34. Kxf1 Rh3 35. Kf2 Rf3+ 36. Ke2 f4 37. Nd5 Rxe3+ 38. Kf2 Re2+ 39. Kf1 f3
40. Nf4 Rd2 41. Nd3 Nc6 42. Nf2 Be6 43. Ra2 Rxa2 44. Bxa2 Nd4 45. Nd3 g5 46.
Kf2 g4 47. b4 cxb4 48. axb4 Ke7 49. Kg3 Ne2+ 50. Kf2 Nc3 51. Bb3 Nxe4+ 52. Ke3
g3 53. Kxf3 Nd2+ 54. Kxg3 Nxb3 55. Nb2 Nd2 56. c5 bxc5 57. bxc5 Ne4+ 58. Kf4
Nxc5 59. Ke3 a5 60. Kd2 a4 61. Nxa4 Nxa4 62. Kd3 Kd6 63. Kd4 Bd5 64. Ke3 Ke5
65. Kd3 Be6 66. Ke3 Bc4 67. Kd2 Ke4 68. Kc2 Be6 69. Kd2 Bc4 70. Kc2 Ke3 71. Kc1
Bb3 72. Kb1 Kd2 73. Ka1 Kc3 74. Kb1 Nc5 75. Ka1 Bc2 76. Ka2 Nb3 77. Ka3 Bb1 78.
Ka4 Nd4 79. Ka5 Kc4 80. Kb6 Nb5 81. Kc6 Bf5 82. Kb6 Be4 83. Ka5 Kc5 84. Ka4
Bc2+ 85. Ka5 Bb3 86. Ka6 Nd6 87. Ka5 Nb7+ 88. Ka6 Kc6 89. Ka7 Kc7 90. Ka6 Bc4+
91. Ka7 Nd6 92. Ka8 Bb5 93. Ka7 Nc8+ 0-1

[Event "2.BLO 0607 Leipzig Gohlis - SV Würzburg"]
[Site "?"]
[Date "2006.10.29"]
[Round "2.8"]
[White "Schunk, Thomas"]
[Black "Poppe, Heiko"]
[Result "0-1"]
[WhiteElo "2354"]
[BlackElo "2223"]
[PlyCount "80"]
[EventDate "2006.??.??"]

1. c4 e5 2. g3 Nc6 3. Bg2 g6 4. Nc3 Bg7 5. d3 Nge7 6. h4 h6 7. e4 d6 8. Be3 Be6
9. Qd2 Nd4 10. O-O-O c6 11. h5 g5 12. f4 f6 13. Rf1 Qa5 14. Bh3 Bxh3 15. Nxh3
b5 16. Kb1 Rb8 17. Rh2 Rb7 18. Nd1 Qa4 19. b3 Nxb3 20. axb3 Qxb3+ 21. Nb2 bxc4
22. Rc1 exf4 23. gxf4 f5 24. e5 dxe5 25. Rxc4 Nd5 26. Re2 e4 27. dxe4 Qxc4 28.
Bd4 Bxd4 29. exd5+ Kf7 30. Qe1 Qxd5 31. fxg5 Rxb2+ 32. Rxb2 Bxb2 33. Nf4 Qe4+
34. Qxe4 fxe4 35. g6+ Kf6 36. Kxb2 Kg5 37. Ne6+ Kxh5 38. g7 Rb8+ 39. Kc3 Kg6
40. Kd4 Kf7 0-1

[Event "2.BLO 0607 SC Forchheim - Nickelhütte A"]
[Site "?"]
[Date "2006.10.29"]
[Round "2.1"]
[White "Meijers, Viesturs"]
[Black "Orsag, Milan"]
[Result "1/2-1/2"]
[WhiteElo "2465"]
[BlackElo "2423"]
[PlyCount "130"]
[EventDate "2006.??.??"]

1. e4 c5 2. Nf3 d6 3. d4 cxd4 4. Nxd4 Nf6 5. Nc3 a6 6. Be2 e6 7. O-O Be7 8. Be3
O-O 9. f4 Nc6 10. Kh1 Bd7 11. Rf3 b5 12. a3 Qb8 13. Rg3 b4 14. axb4 Qxb4 15.
Ra3 Rfb8 16. Rb3 Qa5 17. Rxb8+ Rxb8 18. Nb3 Qb4 19. Bxa6 Nxe4 20. Nxe4 Qxe4 21.
Bd3 Qa4 22. Nd4 g6 23. b3 Qa5 24. Rf3 Bf6 25. Nxc6 Bxc6 26. Rf1 Bc3 27. Qe2 Qb4
28. Qf2 Ra8 29. h4 h5 30. Kh2 Ra2 31. Qg3 Be4 32. Bc1 Bxd3 33. Qxd3 d5 34. Be3
d4 35. Bf2 Qd6 36. Bg3 Qd5 37. Rd1 Qf5 38. Qxf5 gxf5 39. Bf2 Rxc2 40. Bxd4 Bxd4
41. Rxd4 Rb2 42. Rd8+ Kg7 43. Rb8 f6 44. Rb7+ Kg6 45. b4 e5 46. b5 Rb4 47. b6
Rxf4 48. g3 Rf2+ 49. Kg1 Rb2 50. Rb8 f4 51. gxf4 exf4 52. b7 Kf5 53. Rh8 Rxb7
54. Rxh5+ Kg4 55. Rh8 Rb1+ 56. Kf2 Rb2+ 57. Kg1 Kg3 58. Rg8+ Kxh4 59. Kf1 f3
60. Rg7 Rg2 61. Rh7+ Kg3 62. Rg7+ Kf4 63. Rf7 f5 64. Ra7 Rb2 65. Ra8 Rc2
1/2-1/2